| 000 | 00546nam a2200181Ia 4500 | ||
|---|---|---|---|
| 005 | 20250326123801.0 | ||
| 008 | 250326s9999 xx 000 0 und d | ||
| 037 | _aTextbook | ||
| 040 |
_aFMSL _beng _cFMSL |
||
| 041 |
_aeng _2eng |
||
| 084 |
_aS:3 K7;3 _qFMSL |
||
| 100 |
_aSanford F H _9736058 |
||
| 245 | 0 |
_aResearch in developmental, personality, and social psychology _cSanford F H; Capaldi E J |
|
| 260 |
_aNew Delhi _bNew Delhi, Prentice-Hall _c1967 |
||
| 300 | _a190p | ||
| 942 |
_cTB _hS:3 K7;3 |
||
| 999 |
_c1270943 _d1270943 |
||